| 000 | 00687nam a2200217 a 4500 | ||
|---|---|---|---|
| 999 |
_c9674 _d9674 |
||
| 001 | 9674 | ||
| 003 | BD-JhCC | ||
| 005 | 20180327095043.0 | ||
| 008 | 180321s1973 b |||| ||a| 000 0 b d | ||
| 035 | _a(BD-JhCC)9674 | ||
| 040 |
_aBD-JhCC _dBD-JhCC |
||
| 041 | _aben | ||
| 082 |
_a342.95492 _bHOS 1973 |
||
| 100 | _aহোসেন, আমীর | ||
| 245 |
_aবাংলাদেশ সংবিধান ও শাসন ব্যবস্থা / _cআমীর হোসেন, |
||
| 260 |
_aঢাকা: _bনতুন সাহিত্য কুটির; _c1973. |
||
| 300 |
_a136 p. : _c21 cm. |
||
| 650 |
_aConstitution _zBangladesh |
||
| 942 |
_2ddc _cBK |
||